00617nam a2200169Ia 4500008004100000041000800041082001600049100002800065245006000093260002300153300000800176365001600184700002800200906002600228999001900254952017400273230718s9999 xx 000 0 und d aeng a004.36bSHI aShimonski R. J.9154877 aNetwork + Exam N 10 - 003study Guide And Practice Exams c2006bO'Reilly/SPD a923 cRs.b450.00 aShimonski R. J.9154877 d1218/29.07.06cITb90 c315466d315466 00104070aCCEPbCCEPd2006-11-14eTechnical Book ServicesfITg360.00i1218/29.07.06l0o004.36pCCEP-BK-26673r2023-07-18 00:00:00t90v450.00w2006-07-29yBKz026673